000 00570nam a2200217Ia 4500
003 OSt
005 20220918231048.0
006 a|||||r|||| 00| 0
007 ta
008 220917b |||||||| |||| 00| 0 eng d
024 _a262,849
037 _cTextual
040 _aARTS
_cARTS
_beng
041 _2eng
_aeng
082 _a2:7k, L4
100 _aHorsnell Verina
_944470
245 0 _aIntermediate lexicon for information science
_b A feasibility study
260 _c1974
942 _h2:7k, L4
_cTEXL
_2CC
999 _c289707
_d289707